[Event "Belgrade Trophy 25th"]
[Site "Obrenovac"]
[Date "2011.11.25"]
[Round "2"]
[White "Momirovic, Milan"]
[Black "Maric, Dragan"]
[Result "0-1"]
[WhiteElo "1747"]
[BlackElo "2251"]
[PlyCount "150"]
[EventDate "2011.11.24"]
[EventType "swiss"]
[EventRounds "9"]
[EventCountry "YUG"]
[SourceTitle "CBM 145 Extra"]
[Source "ChessBase"]
[SourceDate "2012.01.03"]
[SourceVersion "1"]
[SourceVersionDate "2012.01.03"]
[SourceQuality "1"]

1. d4 Nf6 2. Nf3 e6 3. e3 d5 4. Bd3 c5 5. c3 Nc6 6. Nbd2 Be7 7. 0-0 0-0 8. h3 Qc7 9. Qe2 e5 10. dxe5 Nxe5 11. Nxe5 Qxe5 12. Nf3 Qh5 13. Nh2 Qxe2 14. Bxe2 Bf5 15. Ng4 Ne4 16. Bf3 h5 17. Nh2 Bg6 18. g4 h4 19. Bg2 b5 20. a3 Rad8 21. Rd1 f5 22. f4 c4 23. g5 Nc5 24. Nf3 Bh5 25. Rf1 Bxf3 26. Bxf3 Nd3 27. Rd1 Bc5 28. Bd2 Nxf4 29. Kh2 Nd3 30. a4 b4 31. cxb4 Bxb4 32. Bc3 Bxc3 33. bxc3 Rfe8 34. e4 dxe4 35. Bh5 Re6 36. Rab1 g6 37. Be2 Red6 38. Rb7 R6d7 39. Rdb1 Ne5 40. R7b5 Rd2 41. Rxe5 Rxe2+ 42. Kg1 Red2 43. Re7 Rd1+ 44. Rxd1 Rxd1+ 45. Kf2 Rd2+ 46. Ke3 Rd3+ 47. Kf4 e3 48. Rxe3 Kf7 49. Rxd3 cxd3 50. Ke3 Ke6 51. Kxd3 Kd5 52. a5 a6 53. c4+ Kc5 54. Kc3 f4 55. Kd3 Kb4 56. Ke4 Kxa5 57. Kxf4 Kb4 58. Ke5 a5 59. Kd5 a4 60. c5 a3 61. c6 a2 62. c7 a1Q 63. c8Q Qa5+ 64. Kd4 Qxg5 65. Qb8+ Ka3 66. Qd6+ Kb2 67. Qb4+ Kc2 68. Qc3+ Kd1 69. Qd3+ Ke1 70. Qe3+ Qxe3+ 71. Kxe3 g5 72. Kf3 Kf1 73. Kg4 Kg2 74. Kxg5 Kxh3 75. Kf4 Kg2 0-1

[Event "Belgrade-ch"]
[Site "Belgrade"]
[Date "2010.01.29"]
[Round "7"]
[White "Momirovic, Milan"]
[Black "Danojlic, Petar"]
[Result "0-1"]
[WhiteElo "1746"]
[BlackElo "1867"]
[PlyCount "102"]
[EventDate "2010.01.23"]
[EventType "swiss"]
[EventRounds "9"]
[EventCountry "YUG"]
[SourceTitle "CBM 134 Extra"]
[Source "ChessBase"]
[SourceDate "2010.03.03"]
[SourceVersion "1"]
[SourceVersionDate "2010.03.03"]
[SourceQuality "1"]

1. Nf3 d5 2. c4 d4 3. g3 c5 4. d3 f6 5. Bg2 e5 6. e3 h5 7. Nh4 Ne7 8. Qb3 Nbc6 9. 0-0 g5 10. Bxc6+ bxc6 11. Ng2 Bh3 12. exd4 cxd4 13. Nd2 Rb8 14. Qa4 Kf7 15. Ne4 Qb6 16. Rb1 Nf5 17. Bxg5 Bxg2 18. Bxf6 Bxf1 19. Bxh8 Bxd3 20. Re1 Ng7 21. Ng5+ Kg8 22. Bxg7 Bxg7 23. c5 Qxc5 24. Qd1 Bg6 25. b3 Qc2 26. Qa1 Qf5 27. Qc1 Rf8 28. Rf1 e4 29. f4 Qd5 30. Qc2 d3 31. Qc4 Qxc4 32. bxc4 Bf5 33. Rb1 Bd4+ 34. Kf1 Bb6 35. c5 Bxc5 36. h3 Bb6 37. Ke1 Ba5+ 38. Kf2 Bb6+ 39. Rxb6 axb6 40. Ke3 Ra8 41. g4 hxg4 42. hxg4 Rxa2 43. gxf5 Re2+ 44. Kd4 d2 45. Ke5 d1Q 46. Kf6 Qa1+ 47. Kg6 Qg7+ 48. Kh5 Rh2+ 49. Kg4 Qh6 50. f6 Qxf6 51. Nxe4 Rh4+ 0-1

[Event "Belgrade-ch"]
[Site "Belgrade"]
[Date "2010.01.24"]
[Round "2"]
[White "Isak, Igor G"]
[Black "Momirovic, Milan"]
[Result "1-0"]
[WhiteElo "2023"]
[BlackElo "1746"]
[PlyCount "71"]
[EventDate "2010.01.23"]
[EventType "swiss"]
[EventRounds "9"]
[EventCountry "YUG"]
[SourceTitle "CBM 134 Extra"]
[Source "ChessBase"]
[SourceDate "2010.03.03"]
[SourceVersion "1"]
[SourceVersionDate "2010.03.03"]
[SourceQuality "1"]

1. d4 Nf6 2. c4 g6 3. Nc3 Bg7 4. g3 d5 5. cxd5 Nxd5 6. Bg2 Nxc3 7. bxc3 c6 8. Nf3 0-0 9. 0-0 Bg4 10. h3 Be6 11. Ba3 Re8 12. Rb1 Qc8 13. Qc2 b6 14. Kh2 f6 15. e4 Qa6 16. Qb2 Qc4 17. Ra1 Bf7 18. Nd2 Qa4 19. Rac1 e5 20. d5 Rd8 21. c4 c5 22. Qb3 Qa6 23. f4 Nd7 24. Bb2 Re8 25. Rce1 Rad8 26. Nf3 h6 27. h4 Re7 28. fxe5 fxe5 29. Bh3 Nf8 30. Rf2 Rd6 31. Ref1 Be8 32. Nxe5 b5 33. Nc6 Rxe4 34. Bxg7 Nh7 35. Qc3 b4 36. Rf8+ 1-0

[Event "Belgrade Summer op"]
[Site "Belgrade"]
[Date "2009.06.03"]
[Round "2"]
[White "Momirovic, Milan"]
[Black "Vucinic, Gojko"]
[Result "0-1"]
[WhiteElo "1785"]
[BlackElo "1943"]
[PlyCount "70"]
[EventDate "2009.06.02"]
[EventType "swiss"]
[EventRounds "9"]
[EventCountry "SRB"]
[SourceTitle "EXT 2019"]
[Source "ChessBase"]
[SourceDate "2018.10.10"]
[SourceVersion "1"]
[SourceVersionDate "2018.10.10"]
[SourceQuality "1"]

1. d4 Nf6 2. Nf3 c5 3. d5 e6 4. Nc3 Nxd5 5. Nxd5 exd5 6. Qxd5 Be7 7. e4 Nc6 8. Bc4 0-0 9. a3 d6 10. Qh5 Be6 11. Bxe6 fxe6 12. h4 Qe8 13. Qg4 Qf7 14. Be3 Na5 15. 0-0-0 Nc4 16. Bg5 Bf6 17. c3 b5 18. Rhf1 h5 19. Qh3 b4 20. axb4 cxb4 21. Nd2 Nxb2 22. Rde1 bxc3 23. Nb1 Bd4 24. f4 Rfc8 25. e5 c2 26. Na3 Qg6 27. f5 exf5 28. Rxf5 Rc3 29. Rf3 Rac8 30. exd6 Qxd6 31. Nb5 Be3+ 32. Bxe3 Qd1+ 33. Kxb2 c1Q+ 34. Bxc1 Qb3+ 35. Ka1 Rxc1+ 0-1

[Event "Belgrade Summer op"]
[Site "Belgrade"]
[Date "2009.06.02"]
[Round "1"]
[White "Elez, Nikola"]
[Black "Momirovic, Milan"]
[Result "1-0"]
[WhiteElo "2127"]
[BlackElo "1785"]
[PlyCount "65"]
[EventDate "2009.06.02"]
[EventType "swiss"]
[EventRounds "9"]
[EventCountry "SRB"]
[SourceTitle "EXT 2019"]
[Source "ChessBase"]
[SourceDate "2018.10.10"]
[SourceVersion "1"]
[SourceVersionDate "2018.10.10"]
[SourceQuality "1"]

1. e4 d6 2. Nc3 Nf6 3. d4 Nc6 4. Be3 e5 5. dxe5 Nxe5 6. Qd2 Be7 7. h3 Be6 8. b3 a6 9. f4 Nc6 10. Nf3 Nh5 11. Bf2 Nf6 12. 0-0-0 b5 13. Re1 0-0 14. g4 Bc8 15. Nd5 Bb7 16. Rg1 Re8 17. g5 Nxd5 18. exd5 Nb8 19. Nh4 Bf8 20. Rxe8 Qxe8 21. Nf5 Bc8 22. Nh6+ Kh8 23. Bd4 c5 24. Bb2 Ra7 25. Be2 Re7 26. Bh5 a5 27. f5 c4 28. f6 Rc7 29. Re1 Qd8 30. Nxf7+ Rxf7 31. Bxf7 Bd7 32. Qd4 g6 33. Bxg6 1-0

[Event "Belgrade Spring op"]
[Site "Belgrade"]
[Date "2009.03.30"]
[Round "8"]
[White "Momirovic, Milan"]
[Black "Milanovic, Maja"]
[Result "1-0"]
[WhiteElo "1806"]
[BlackElo "1713"]
[PlyCount "99"]
[EventDate "2009.03.21"]
[EventType "swiss"]
[EventRounds "9"]
[EventCountry "YUG"]
[SourceTitle "CBM 129 Extra"]
[Source "ChessBase"]
[SourceDate "2009.05.05"]
[SourceVersion "2"]
[SourceVersionDate "2009.05.20"]
[SourceQuality "1"]

1. e4 c5 2. Nf3 Nc6 3. d4 cxd4 4. Nxd4 g6 5. Nc3 Bg7 6. Be3 Nf6 7. f3 0-0 8. Qd2 d5 9. Nxc6 bxc6 10. 0-0-0 Be6 11. e5 Nd7 12. f4 f6 13. exf6 exf6 14. Ne2 Qb8 15. c3 Nb6 16. Nd4 Bd7 17. Nb3 Re8 18. Nc5 Bg4 19. Re1 a5 20. h3 Bc8 21. a4 f5 22. Bd3 Nd7 23. Bd4 Rf8 24. Ne6 Bxd4 25. Nxf8 Nc5 26. Bc2 Bg7 27. Qe3 Bxf8 28. h4 Ne4 29. h5 Bh6 30. g3 g5 31. Bxe4 gxf4 32. Bxd5+ cxd5 33. Qe8+ Bf8 34. gxf4 Qxf4+ 35. Kb1 Bb7 36. Qe6+ Kh8 37. Rhg1 Bg7 38. Rxg7 Kxg7 39. Rg1+ Qg4 40. Rxg4+ fxg4 41. h6+ Kf8 42. Qxg4 Bc6 43. Qg7+ Ke8 44. Qxh7 Rd8 45. Qg8+ Kd7 46. Qxd8+ Kxd8 47. h7 d4 48. h8Q+ Kc7 49. Qxd4 Kb7 50. Ka2 1-0

[Event "Belgrade-ch"]
[Site "Belgrade"]
[Date "2009.01.27"]
[Round "4"]
[White "Momirovic, Milan"]
[Black "Vucinic, Gojko"]
[Result "0-1"]
[WhiteElo "1806"]
[BlackElo "1966"]
[PlyCount "138"]
[EventDate "2009.01.24"]
[EventType "swiss"]
[EventRounds "9"]
[EventCountry "YUG"]
[SourceTitle "CBM 128 Extra"]
[Source "ChessBase"]
[SourceDate "2009.03.05"]
[SourceVersion "2"]
[SourceVersionDate "2009.03.25"]
[SourceQuality "1"]

1. d4 Nf6 2. f4 c5 3. e3 e6 4. Nf3 b6 5. c3 Bb7 6. Bd3 Ne4 7. Nbd2 f5 8. 0-0 Be7 9. Ne5 Nf6 10. h3 0-0 11. Kh2 d6 12. Nef3 h6 13. Rg1 Nbd7 14. Bb5 a6 15. Bc4 Nd5 16. Qe1 b5 17. Bb3 Qe8 18. Nf1 c4 19. Bc2 N5f6 20. N1d2 Qh5 21. Rf1 Be4 22. Nxe4 fxe4 23. Nd2 d5 24. Bd1 Qg6 25. g4 Ne8 26. Rg1 Nd6 27. Nf1 Nb7 28. h4 Kf7 29. h5 Qf6 30. Kh3 Ke8 31. Bd2 Kd8 32. Be2 g5 33. Nh2 Kc7 34. Qg3 Bd6 35. Raf1 Qg7 36. Qg2 Rf6 37. fxg5 Qxg5 38. Rxf6 Nxf6 39. Qf2 Rf8 40. Qh4 Qxh4+ 41. Kxh4 Bxh2 42. Rg2 Bd6 43. Rf2 Nh7 44. Rg2 Ng5 45. Be1 Nf3+ 46. Bxf3 Be7+ 47. Kh3 Rxf3+ 48. Bg3+ Bd6 49. Kh2 Rxg3 50. Rxg3 Nd8 51. g5 hxg5 52. h6 Nf7 53. h7 Kd7 54. Kg2 Bxg3 55. Kxg3 Ke7 56. b4 Kf6 57. Kg4 Kg7 58. Kh5 Kxh7 59. Kg4 Kg6 60. Kg3 Kh5 61. Kh3 Nh6 62. Kg3 Nf5+ 63. Kf2 Kg4 64. Kg1 Kg3 65. Kh1 Nxe3 66. Kg1 g4 67. a3 Kf3 68. Kh2 Kf2 69. Kh1 Nf1 0-1

[Event "Belgrade Trophy 21st"]
[Site "Obrenovac"]
[Date "2008.12.05"]
[Round "9"]
[White "Momirovic, Milan"]
[Black "Markovic, Tamara"]
[Result "0-1"]
[WhiteElo "1837"]
[BlackElo "1556"]
[PlyCount "106"]
[EventDate "2008.11.27"]
[EventType "swiss"]
[EventRounds "9"]
[EventCountry "YUG"]
[SourceTitle "CBM 127 Extra"]
[Source "ChessBase"]
[SourceDate "2009.01.08"]
[SourceVersion "2"]
[SourceVersionDate "2009.01.28"]
[SourceQuality "1"]

1. e4 e5 2. Nf3 Nc6 3. c4 Nf6 4. d3 Bc5 5. h3 d6 6. a3 a5 7. Nc3 h6 8. Rb1 Be6 9. Qa4 0-0 10. Be2 Nd7 11. g4 Nd4 12. Qd1 Nxf3+ 13. Bxf3 c6 14. 0-0 Qh4 15. Bg2 Nf6 16. Qf3 Nh7 17. Ne2 Ng5 18. Qg3 Qxg3 19. Nxg3 Nh7 20. Nf5 Bxf5 21. exf5 Nf6 22. Be3 Bxe3 23. fxe3 d5 24. cxd5 cxd5 25. Rbc1 Rfc8 26. Kh2 Kf8 27. Kg3 Ke7 28. h4 Kd6 29. g5 hxg5 30. hxg5 Nd7 31. d4 e4 32. Bh3 f6 33. g6 Nb6 34. Kf4 Rh8 35. Rh1 Nc4 36. Rc2 a4 37. Rch2 Rh4+ 38. Kg3 Rah8 39. Re2 R4h5 40. Rhh2 Rg5+ 41. Bg4 Rxh2 42. Rxh2 Nxe3 43. Rh7 Rxg4+ 44. Kh3 b5 45. Rxg7 Rh4+ 46. Kxh4 Nxf5+ 47. Kh5 Nxg7+ 48. Kg4 Ke6 49. Kf4 f5 50. Ke3 Kf6 51. Kd2 f4 52. Kc3 f3 53. Kd2 f2 0-1

[Event "Belgrade Trophy 21st"]
[Site "Obrenovac"]
[Date "2008.12.04"]
[Round "8"]
[White "Micic, Nedeljko"]
[Black "Momirovic, Milan"]
[Result "0-1"]
[WhiteElo "1700"]
[BlackElo "1837"]
[PlyCount "96"]
[EventDate "2008.11.27"]
[EventType "swiss"]
[EventRounds "9"]
[EventCountry "YUG"]
[SourceTitle "CBM 127 Extra"]
[Source "ChessBase"]
[SourceDate "2009.01.08"]
[SourceVersion "2"]
[SourceVersionDate "2009.01.28"]
[SourceQuality "1"]

1. c4 Nf6 2. Nf3 g6 3. e3 d6 4. Nc3 c6 5. d4 Bg7 6. Be2 Na6 7. b3 Bf5 8. Bd3 Bg4 9. Be2 Nc7 10. Bb2 0-0 11. 0-0 a6 12. Ne1 Bf5 13. Bd3 Bd7 14. Rb1 b5 15. cxb5 axb5 16. b4 Ncd5 17. Qd2 Nxb4 18. a3 Nxd3 19. Nxd3 Qb6 20. Rfc1 Rfd8 21. Qe2 Be6 22. h3 Nd5 23. Qc2 Nxc3 24. Qxc3 Rdc8 25. Nf4 Bf5 26. Ra1 e5 27. Ne2 exd4 28. exd4 c5 29. Qd2 c4 30. Qb4 Ra4 31. Qd2 Raa8 32. Qb4 Bh6 33. Rd1 Ra4 34. Qc3 d5 35. Ng3 Bd7 36. Ne2 Rca8 37. Kf1 Qd6 38. Rdb1 Re8 39. Re1 Re7 40. Rad1 Bf5 41. Ng3 Bd3+ 42. Kg1 Raa7 43. Rxe7 Rxe7 44. Re1 Bf4 45. Rxe7 Qxe7 46. Nf1 Qe2 47. Ng3 Qd1+ 48. Kh2 Bd2 0-1

[Event "Belgrade Trophy 21st"]
[Site "Obrenovac"]
[Date "2008.12.03"]
[Round "7"]
[White "Momirovic, Milan"]
[Black "Gluscevic, Mira"]
[Result "0-1"]
[WhiteElo "1837"]
[BlackElo "1570"]
[PlyCount "81"]
[EventDate "2008.11.27"]
[EventType "swiss"]
[EventRounds "9"]
[EventCountry "YUG"]
[SourceTitle "CBM 127 Extra"]
[Source "ChessBase"]
[SourceDate "2009.01.08"]
[SourceVersion "2"]
[SourceVersionDate "2009.01.28"]
[SourceQuality "1"]

1. e4 d6 2. d4 Nf6 3. Bd3 g6 4. f3 Bg7 5. Be3 0-0 6. c3 e5 7. d5 c6 8. c4 Na6 9. g4 h6 10. h4 Nd7 11. Qd2 Kh7 12. f4 exf4 13. Bxf4 Ne5 14. Bxe5 Bxe5 15. Be2 Nc5 16. Bf3 cxd5 17. cxd5 b6 18. Nc3 Bg3+ 19. Kd1 Bxh4 20. Nh3 g5 21. b4 Nd7 22. Nf4 gxf4 23. e5 Nxe5 24. Qc2+ Kg7 25. Qg2 Nxf3 26. Qxf3 Qf6 27. Kd2 Qd4+ 28. Kc2 Qf2+ 29. Qxf2 Bxf2 30. Ne4 Bd4 31. Rad1 Be5 32. g5 hxg5 33. Nxg5 Bf5+ 34. Kd2 Rac8 35. Rdg1 Bg6 36. Rg4 Rc2+ 37. Kd1 Rfc8 38. Ne6+ fxe6 39. Rhg1 Rc1+ 40. Kd2 Rxg1 41. Rxg1 0-1

[Event "Belgrade Trophy 21st"]
[Site "Obrenovac"]
[Date "2008.11.27"]
[Round "1"]
[White "Momirovic, Milan"]
[Black "Stavrianakis, Ioannis"]
[Result "0-1"]
[WhiteElo "1837"]
[BlackElo "2192"]
[PlyCount "128"]
[EventDate "2008.11.27"]
[EventType "swiss"]
[EventRounds "9"]
[EventCountry "YUG"]
[SourceTitle "CBM 127 Extra"]
[Source "ChessBase"]
[SourceDate "2009.01.08"]
[SourceVersion "2"]
[SourceVersionDate "2009.01.28"]
[SourceQuality "1"]

1. d4 e6 2. Nf3 Nf6 3. e3 b6 4. Bd3 Bb7 5. Nbd2 c5 6. c3 Nc6 7. 0-0 Be7 8. Qe2 cxd4 9. exd4 0-0 10. Re1 Nd5 11. Ne4 f5 12. Ng3 Bd6 13. Bd2 Nf4 14. Bxf4 Bxf4 15. Ne5 Qc7 16. Bb5 Nxe5 17. dxe5 a6 18. Ba4 b5 19. Bb3 Bxg3 20. hxg3 f4 21. Qd3 Qc6 22. f3 fxg3 23. Bc2 Qc5+ 24. Qd4 Qxd4+ 25. cxd4 Rac8 26. Bb3 Bd5 27. Bxd5 exd5 28. e6 dxe6 29. Rxe6 Rc2 30. Rae1 Rfc8 31. R6e5 h6 32. f4 Rxb2 33. R5e3 Rxa2 34. Rxg3 Kf7 35. Re5 Rd8 36. Rf5+ Kg8 37. Re5 Rd7 38. Re6 Kh7 39. f5 Rf7 40. Re5 a5 41. Rxd5 Rb2 42. Rf3 a4 43. g4 Rc7 44. f6 Rc1+ 45. Rf1 Rxf1+ 46. Kxf1 gxf6 47. Rd7+ Kg6 48. Ra7 Rd2 49. Ra5 Rxd4 50. Rxb5 Rxg4 51. Ra5 Rb4 52. Kg2 f5 53. Ra8 Kg5 54. Rg8+ Kf4 55. Ra8 h5 56. Ra7 h4 57. Rh7 Ke3 58. Re7+ Kd2 59. Kf2 a3 60. Re2+ Kc3 61. Re3+ Kb2 62. Re2+ Kb3 63. Re3+ Ka4 64. Re7 a2 0-1

[Event "Belgrade Winter op"]
[Site "Belgrade"]
[Date "2008.01.23"]
[Round "2"]
[White "Momirovic, Milan"]
[Black "Petrovic, Petar"]
[Result "0-1"]
[WhiteElo "1831"]
[BlackElo "2110"]
[PlyCount "170"]
[EventDate "2008.01.22"]
[EventType "swiss"]
[EventRounds "9"]
[EventCountry "YUG"]
[SourceTitle "CBM 122 Extra"]
[Source "ChessBase"]
[SourceDate "2008.03.04"]
[SourceVersion "1"]
[SourceVersionDate "2008.03.04"]
[SourceQuality "1"]

1. c4 c6 2. d4 d5 3. cxd5 cxd5 4. Nc3 Nc6 5. Bf4 Nf6 6. Nf3 e6 7. e3 a6 8. a3 Bd6 9. Bg5 0-0 10. Bd3 Bd7 11. Qc2 h6 12. Bxf6 Qxf6 13. 0-0 Rac8 14. Rad1 Rfd8 15. Qb1 Bb8 16. Rc1 Be8 17. Ne2 e5 18. Bf5 e4 19. Bxc8 exf3 20. Ng3 fxg2 21. Kxg2 Rxc8 22. Qf5 Qd8 23. Rc5 Bd6 24. Rcc1 Be7 25. Rg1 Bd7 26. Qh5 g6 27. Qf3 Be6 28. Kh1 Kh7 29. Qg2 Bf6 30. f3 Qd7 31. b4 Re8 32. Qd2 Bh3 33. Ne2 Bg5 34. Nf4 Bxf4 35. exf4 Be6 36. Rge1 Ne7 37. Qe2 Nf5 38. Qe5 Rc8 39. Kg1 b5 40. Rc5 Rxc5 41. bxc5 Ne7 42. Rd1 Nc6 43. Qf6 Qd8 44. Qxd8 Nxd8 45. Rc1 Nc6 46. Rd1 Kg7 47. Kf2 Kf6 48. Ke3 Bd7 49. Rc1 Nd8 50. Rc2 Bc6 51. Rb2 a5 52. Rg2 Ne6 53. Rg4 b4 54. axb4 axb4 55. Rg1 b3 56. Rb1 Ba4 57. Ra1 Bb5 58. Rb1 Bc4 59. c6 Ke7 60. Ra1 Kd6 61. Ra4 Kxc6 62. Rb4 Nc7 63. Kd2 Nb5 64. Kc1 Nxd4 65. Rb8 Nxf3 66. h3 d4 67. Rc8+ Kd5 68. Rc7 f5 69. Kb2 Ne1 70. Rb7 Nd3+ 71. Kb1 Nc5 72. Rb8 Na4 73. h4 Bd3+ 74. Kc1 b2+ 75. Rxb2 Nxb2 76. Kxb2 Ke4 77. Kc1 Ke3 78. Kd1 Be2+ 79. Kc1 d3 80. Kb2 d2 81. Kc3 d1Q 82. h5 Qd4+ 83. Kb3 Qc4+ 84. Ka3 Qb5 85. hxg6 Bc4 0-1

[Event "Belgrade Trophy 20th"]
[Site "Belgrade"]
[Date "2007.11.28"]
[Round "7"]
[White "Djordjijevic, Slobodan"]
[Black "Momirovic, Milan"]
[Result "1-0"]
[WhiteElo "2097"]
[BlackElo "1840"]
[PlyCount "120"]
[EventDate "2007.11.22"]
[EventType "swiss"]
[EventRounds "9"]
[EventCountry "YUG"]
[SourceTitle "CBM 121 Extra"]
[Source "ChessBase"]
[SourceDate "2008.01.10"]
[SourceVersion "1"]
[SourceVersionDate "2008.01.10"]
[SourceQuality "1"]

1. d4 Nf6 2. Nf3 g6 3. Bg5 Bg7 4. Nbd2 h6 5. Bh4 Nc6 6. c3 d6 7. e4 e5 8. dxe5 Nxe5 9. Nxe5 dxe5 10. Be2 0-0 11. 0-0 Re8 12. Re1 Qd7 13. Qc2 Qc6 14. a4 Qe6 15. Rad1 b6 16. Bc4 Qg4 17. Bg3 Bb7 18. f3 Qc8 19. Qb3 Re7 20. a5 Rb8 21. Qa3 Bf8 22. Qa2 Ba6 23. axb6 Rxb6 24. Ra1 Bb7 25. Bf2 Rd6 26. Nb3 Rd8 27. Qxa7 Red7 28. Bc5 Ba8 29. Bf2 Ne8 30. Qa6 c6 31. Bb6 Nc7 32. Qa5 Bb7 33. Qxe5 Re8 34. Qg3 Ne6 35. Nd4 Kh7 36. Nb3 Bd6 37. e5 Bc7 38. Be3 Qd8 39. Bxe6 Rxe6 40. Qh3 Rxe5 41. Qxh6+ Kg8 42. Bd4 Rxd4 43. cxd4 Rh5 44. Qe3 Bxh2+ 45. Kf1 Qb6 46. Qd3 Bg3 47. Re8+ Kg7 48. Kg1 Rb5 49. Nd2 Rxb2 50. Qc3 Bf4 51. Nc4 Rb1+ 52. Rxb1 Qxb1+ 53. Re1 Qf5 54. Ne3 Qh5 55. d5+ Be5 56. Nf5+ Qxf5 57. Rxe5 Qf4 58. d6 Ba6 59. Rf5+ Kh7 60. Rxf4 Kg8 1-0

[Event "Belgrade Spring op"]
[Site "Belgrade"]
[Date "2007.04.01"]
[Round "7"]
[White "Momirovic, Milan"]
[Black "Jovanovic, Nebojsa M"]
[Result "0-1"]
[WhiteElo "1868"]
[BlackElo "1854"]
[PlyCount "81"]
[EventDate "2007.03.26"]
[EventType "swiss"]
[EventRounds "9"]
[EventCountry "YUG"]
[SourceTitle "CBM 117 Extra"]
[Source "ChessBase"]
[SourceDate "2007.05.09"]
[SourceVersion "1"]
[SourceVersionDate "2007.05.09"]
[SourceQuality "1"]

1. e4 c5 2. Nf3 Nc6 3. d4 cxd4 4. Nxd4 a6 5. Bc4 e5 6. Nf3 Nf6 7. Bg5 Be7 8. Nc3 d6 9. 0-0 Be6 10. Bxf6 Bxc4 11. Bxe7 Qxe7 12. Re1 0-0 13. a3 Rad8 14. Nd5 Bxd5 15. Qxd5 Qc7 16. Rac1 Ne7 17. Qb3 h6 18. c4 b6 19. Rc3 Ng6 20. g3 Qc5 21. Rd1 Ne7 22. Qa2 a5 23. Rb1 Nc6 24. Rd1 Ne7 25. Ne1 Kh7 26. Qb1 g6 27. b4 Qc6 28. Qd3 f5 29. f3 fxe4 30. Qxe4 axb4 31. axb4 Qc7 32. Nc2 d5 33. Qe2 d4 34. Ra3 Qd6 35. Qd3 Nc6 36. Rb3 Rc8 37. Qd2 Rf7 38. Qd3 Rfc7 39. Na3 Nxb4 40. Qd2 Rxc4 41. Nxc4 0-1

[Event "Belgrade Spring op"]
[Site "Belgrade"]
[Date "2007.03.26"]
[Round "1"]
[White "Momirovic, Milan"]
[Black "Djurovic, Slobodan"]
[Result "0-1"]
[WhiteElo "1868"]
[BlackElo "2199"]
[PlyCount "106"]
[EventDate "2007.03.26"]
[EventType "swiss"]
[EventRounds "9"]
[EventCountry "YUG"]
[SourceTitle "CBM 117 Extra"]
[Source "ChessBase"]
[SourceDate "2007.05.09"]
[SourceVersion "1"]
[SourceVersionDate "2007.05.09"]
[SourceQuality "1"]

1. c4 Nf6 2. Nc3 e5 3. e4 Bb4 4. Nge2 c6 5. a3 Bxc3 6. Nxc3 d5 7. cxd5 cxd5 8. Bb5+ Bd7 9. Bxd7+ Qxd7 10. exd5 Nxd5 11. 0-0 0-0 12. d3 Nc6 13. Qf3 Rad8 14. Rd1 Nc7 15. Be3 Ne6 16. Qg4 f5 17. Qc4 Kh8 18. f3 Na5 19. Qb5 Qxb5 20. Nxb5 Nb3 21. Rab1 a6 22. Nc3 Rd6 23. Kf1 Rfd8 24. Ke2 Nbc5 25. b4 Nxd3 26. g3 g5 27. h4 gxh4 28. gxh4 Ndf4+ 29. Kf2 Rd3 30. Rxd3 Rxd3 31. Rc1 Nd4 32. Nd1 Rxa3 33. Rc8+ Kg7 34. Rc7+ Kg6 35. Bxd4 exd4 36. Rd7 Ra2+ 37. Kg3 Nh5+ 38. Kh3 Rd2 39. Rd6+ Nf6 40. Nb2 Rxb2 41. Rxd4 h6 42. Rc4 Nd5 43. Rc8 Rxb4 44. Rd8 Nf4+ 45. Kg3 Nh5+ 46. Kh3 a5 47. Rg8+ Kf7 48. Rh8 a4 49. Ra8 b5 50. Ra7+ Kg6 51. Ra6+ Nf6 52. Kg3 f4+ 53. Kg2 Rb3 0-1